Journal of academy of business and economics

Detalles Bibliográficos
Formato: Desconocido
Lenguaje:inglés
Publicado: Turlock, Calif. : International Academy of Business and Economics
Materias:
Acceso en línea:Acceso restringido

MARC

LEADER 00000ny a22000003n 4500
005 20110512112728.0
008 021212c20032008us fx pss 0 a0eng c
022 |a 1542-8710 
035 |a 3204 
040 |a UCA  |d vLex 
090 |c 1752  |d 1752 
245 3 0 |a Journal of academy of business and economics  |h [Recurso electrn̤ico] 
246 3 |a JABE 
256 |a Servicio en ln̕ea 
260 |a Turlock, Calif. :  |b International Academy of Business and Economics 
310 |a Semestral 
506 1 |a Contenido solo disponible en los productos indicados  |d vLex Global  |d vLex Global (Academic Edition, excluding Law Schools)  |d vLex Global (Academic Edition, Law Schools) 
650 0 4 |a Economa̕  |x Publicaciones perid̤icas 
650 0 4 |a Negocios  |x Publicaciones perid̤icas 
650 0 4 |a Teora̕ econm̤ica  |x Publicaciones perid̤icas 
740 0 |a vLex Revista (Servicios en ln̕ea) 
843 |a Electrn̤ica. Abierta 
853 |8 1  |i (year)  |j (month)  |k (day) 
856 4 0 |z Acceso restringido  |u http://vlex.com/account/login_ip?fuente_id=3204  
942 |c REV 
999 0 4 |a Business  |v Periodicals. 
999 0 4 |a Economics  |v Periodicals.